[Event "TUR Cup"]
[Site "Antalya"]
[Date "2019.01.30"]
[Round "5"]
[White "Dogan, Halit"]
[Black "Yilmaz, Mehmet Berat"]
[Result "0-1"]
[WhiteElo "1357"]
[BlackElo "1374"]
[PlyCount "77"]
[EventDate "2019.01.27"]
[EventType "swiss"]
[EventRounds "11"]
[EventCountry "TUR"]
[SourceTitle "CBM 188 Extra"]
[Source "ChessBase"]
[SourceDate "2019.02.26"]
[SourceVersion "1"]
[SourceVersionDate "2019.02.26"]
[SourceQuality "1"]

1. Nf3 Nf6 2. d4 d5 3. c4 c6 4. Nc3 e6 5. h3 Nbd7 6. Bf4 dxc4 7. a4 Bb4 8. Nd2 Nd5 9. Nxd5 cxd5 10. e3 Nf6 11. f3 Nh5 12. Bh2 Qh4+ 13. Ke2 b6 14. Qe1 Qxe1+ 15. Kxe1 Bb7 16. g4 Nf6 17. Be2 Rc8 18. Rc1 0-0 19. Kd1 Bc6 20. Ra1 Bd7 21. Nb1 a6 22. Nc3 Ra8 23. Kc2 Rfc8 24. Bg3 b5 25. a5 Be7 26. Be1 b4 27. Na4 Bxa4+ 28. Rxa4 b3+ 29. Kb1 Rab8 30. Bc3 Rb5 31. Kc1 Rcb8 32. Kd2 Bb4 33. Rha1 Bxc3+ 34. Kxc3 Kf8 35. Rg1 Ng8 36. Re1 Ne7 37. Bf1 Nc6 38. e4 Rxa5 39. exd5 0-1